7 chiến lược thịnh vượng và hạnh phúc = Seven strategies for wealth and happiness

Giới thiệu những triết lí của doanh nhân Jim John giúp con người đạt được sự thành công và hạnh phúc trong cuộc sống

Bewaard in:
Bibliografische gegevens
Hoofdauteur: Rohn, Jim
Formaat: Boek
Taal:Undetermined
Gepubliceerd in: Hà Nội Thế giới 2013
Onderwerpen:
Tags: Voeg label toe
Geen labels, Wees de eerste die dit record labelt!
Thư viện lưu trữ: Trung tâm Học liệu Trường Đại học Cần Thơ
LEADER 00866nam a2200229Ia 4500
001 CTU_196617
008 210402s9999 xx 000 0 und d
020 |c 65000 
082 |a 650.1 
082 |b R737 
100 |a Rohn, Jim 
245 0 |a 7 chiến lược thịnh vượng và hạnh phúc = 
245 0 |b Seven strategies for wealth and happiness 
245 0 |c Jim Rohn ; Trần Quân dịch 
260 |a Hà Nội 
260 |b Thế giới 
260 |c 2013 
520 |a Giới thiệu những triết lí của doanh nhân Jim John giúp con người đạt được sự thành công và hạnh phúc trong cuộc sống 
650 |a Success,Thành công 
650 |x Psychological aspects,Khía cạnh tâm lý 
904 |i Hải 
980 |a Trung tâm Học liệu Trường Đại học Cần Thơ